000 00688nam a2200253Ia 4500
001 39501
005 20240114002055.0
007 ta
008 070825s1957 g b000 u 098 u
040 _aCotton College,Assam
041 _a098
082 _a297
_bSy 26 Ul
100 _aMayan, Maulna Syed Mohd. .
245 0 _aUlema-E-hind Ka Sandar Mazi Part II /
_cMaulna Syed Mohd. Mayan.
_hTextual Documents
250 _a1st ed. /
260 _aDelhi :
_bm.Brothers pub. ,
_c1957.
300 _a184p. ;
_c22cm.
653 _aReligion-Islam
653 _aIslamic Religion
653 _aG-Arabic & Persian
942 _2ddc
_cBK
999 _c39473
_d39473